[Event "XXXIIIè Obert del Catalunya Es"]
[Site "Barcelona (Spain)"]
[Date "2009.04.06"]
[Round "3.9"]
[White "Ridameya Tatche, Jose Miguel"]
[Black "Quero Ortega, Juan"]
[Result "1-0"]
[WhiteElo "2140"]
[BlackElo "1928"]
[PlyCount "85"]
[EventDate "2009.04.04"]

1. c4 d6 2. e4 g6 3. h4 h5 4. d4 Bg7 5. Nc3 Nd7 6. Nf3 c5 7. Be3 cxd4 8. Bxd4
Ngf6 9. Be2 O-O 10. Rc1 b6 11. Ng5 Nc5 12. Bf3 e5 13. Be3 a6 14. Nd5 Nxd5 15.
cxd5 a5 16. Bxh5 Ba6 17. Be2 Bf6 18. Bxa6 Rxa6 19. Qe2 Ra7 20. Bxc5 bxc5 21.
Nf3 Rb7 22. Rc4 Rb4 23. g3 Qb6 24. b3 a4 25. Nd2 axb3 26. axb3 Ra8 27. O-O Ra2
28. Qe3 Rb5 29. Qc3 Bd8 30. Ra1 Rxa1+ 31. Qxa1 Ra5 32. Ra4 Rxa4 33. Qxa4 Kg7
34. Nc4 Qb8 35. Kg2 Bc7 36. Kf1 Qb7 37. Ke2 Qb4 38. Qxb4 cxb4 39. Kd3 f5 40. f3
Kf6 41. g4 fxg4 42. fxg4 Kg7 43. g5 1-0

[Event "XXXIIIè Obert del Catalunya Es"]
[Site "Barcelona (Spain)"]
[Date "2009.04.06"]
[Round "3.10"]
[White "Colom Andres, Xavier"]
[Black "Tolkachova, Vitalina"]
[Result "0-1"]
[WhiteElo "1973"]
[BlackElo "2130"]
[PlyCount "72"]
[EventDate "2009.04.04"]

1. d4 Nf6 2. c4 c5 3. d5 b5 4. cxb5 a6 5. Nc3 axb5 6. e4 b4 7. Nb5 d6 8. Bf4 g5
9. Bxg5 Nxe4 10. Bh4 Bg7 11. Qc2 Nf6 12. Bc4 Nbd7 13. a4 bxa3 14. Rxa3 Rxa3 15.
bxa3 Qa5+ 16. Qc3 Qxc3+ 17. Nxc3 Nb6 18. Bb5+ Bd7 19. Bxd7+ Kxd7 20. Bxf6 Bxf6
21. Nge2 Ra8 22. Kd2 Rxa3 23. Rb1 Ra6 24. g3 e6 25. Ne4 Nxd5 26. Rb7+ Ke8 27.
Nf4 Bd4 28. Nxd5 exd5 29. Rb8+ Kd7 30. Nc3 Bxc3+ 31. Kxc3 Ra2 32. Rh8 Rxf2 33.
Rxh7 Ke6 34. Kd3 c4+ 35. Ke3 c3 36. Rh8 c2 0-1

[Event "XXXIIIè Obert del Catalunya Es"]
[Site "Barcelona (Spain)"]
[Date "2009.04.07"]
[Round "4.1"]
[White "Karlsson, Lars"]
[Black "Jerez Perez, Alfonso"]
[Result "1/2-1/2"]
[WhiteElo "2446"]
[BlackElo "2386"]
[PlyCount "74"]
[EventDate "2009.04.04"]

1. f4 d5 2. Nf3 g6 3. e3 Bg7 4. Be2 Nf6 5. O-O O-O 6. d3 c5 7. c3 Nc6 8. Qc2 d4
9. e4 e5 10. Nxe5 Nxe5 11. fxe5 Nd7 12. cxd4 cxd4 13. e6 fxe6 14. Rxf8+ Qxf8
15. Nd2 Qc5 16. Qb3 Ne5 17. Nf3 Qb6 18. Qxb6 axb6 19. Nxe5 Bxe5 20. Bd2 Bd7 21.
a3 Rc8 22. Rc1 Rxc1+ 23. Bxc1 Kf7 24. Bg5 Bf6 25. Bf4 e5 26. Bd2 Be6 27. Bd1 b5
28. Kf2 Be7 29. h3 b6 30. b4 Bd6 31. Kg3 Be7 32. a4 bxa4 33. Bxa4 Bf6 34. Kf3
Ke7 35. Ke2 Bd7 36. Bb3 b5 37. Bd5 Be6 1/2-1/2

[Event "XXXIIIè Obert del Catalunya Es"]
[Site "Barcelona (Spain)"]
[Date "2009.04.07"]
[Round "4.2"]
[White "Perpinya Rofes, Lluis Maria"]
[Black "Vidarte Morales, Arturo"]
[Result "1/2-1/2"]
[WhiteElo "2385"]
[BlackElo "2428"]
[PlyCount "95"]
[EventDate "2009.04.04"]

1. e4 c5 2. Nc3 d6 3. f4 g6 4. Nf3 Bg7 5. Bc4 Nc6 6. O-O e6 7. d3 Nge7 8. Qe1
Nd4 9. Nxd4 cxd4 10. Nd1 O-O 11. Bb3 Kh8 12. Bd2 f5 13. Nf2 a5 14. a4 d5 15.
Qe2 b6 16. Rae1 Ra7 17. exf5 gxf5 18. Nh3 Ng8 19. Ng5 Re7 20. Qf2 Nf6 21. Qh4
Kg8 22. Re2 h6 23. Nf3 Ne4 24. Ne5 Bxe5 25. fxe5 Nxd2 26. Rxd2 Kh7 27. Qxd4 Rg7
28. c4 Bb7 29. cxd5 Bxd5 30. Bxd5 Rd7 31. Qe3 Rxd5 32. d4 Qd7 33. Rc1 Rf7 34.
Rc4 Rg7 35. Qc3 Qe7 36. Rc6 Qh4 37. Qe3 Rg4 38. Rxe6 Re4 39. Qg3 Qxg3 40. hxg3
Rdxd4 41. Rxd4 Rxd4 42. Rxb6 Rxa4 43. Rb5 Kg6 44. e6 Kf6 45. Re5 Ke7 46. Kf2
Ra2 47. Kf3 Rxb2 48. Rxa5 1/2-1/2

[Event "XXXIIIè Obert del Catalunya Es"]
[Site "Barcelona (Spain)"]
[Date "2009.04.07"]
[Round "4.3"]
[White "Gonzalez Rodriguez, Jorge A"]
[Black "Capellades Subirana, Marc"]
[Result "1/2-1/2"]
[WhiteElo "2407"]
[BlackElo "2191"]
[PlyCount "90"]
[EventDate "2009.04.04"]

1. b3 c5 2. Bb2 Nf6 3. g3 d5 4. Bg2 e6 5. e3 Be7 6. Nf3 Nbd7 7. O-O O-O 8. c4
b6 9. a4 a5 10. Nc3 Bb7 11. d3 Nb8 12. Nb5 Nc6 13. Qe2 Ne8 14. e4 d4 15. e5 Nc7
16. Bc1 Nxb5 17. axb5 Nb8 18. h4 Nd7 19. Bf4 g6 20. Nd2 Bxg2 21. Kxg2 Re8 22.
Ne4 f5 23. exf6 Nxf6 24. Ng5 Bd6 25. Bd2 Ra7 26. Nf3 Qa8 27. Bg5 Rf7 28. Kh3
Nd7 29. Nd2 Bf8 30. h5 Rf5 31. Ne4 h6 32. Bd2 Rxh5+ 33. Kg2 Rf5 34. g4 Rf7 35.
Rh1 g5 36. f3 Nf6 37. Rhe1 Nxe4 38. Qxe4 Qxe4 39. Rxe4 Bd6 40. Rae1 Rf6 41.
R1e2 Kf7 42. Be1 Ra8 43. Bg3 Ke7 44. Bxd6+ Kxd6 45. Ra2 Raf8 1/2-1/2

[Event "XXXIIIè Obert del Catalunya Es"]
[Site "Barcelona (Spain)"]
[Date "2009.04.07"]
[Round "4.4"]
[White "Marches Rios, Joan Manuel"]
[Black "Martin Grillo, Ruben"]
[Result "0-1"]
[WhiteElo "2215"]
[BlackElo "2229"]
[PlyCount "42"]
[EventDate "2009.04.04"]

1. d4 d5 2. c4 e6 3. Nc3 c6 4. Nf3 dxc4 5. e4 b5 6. a4 Bb4 7. Bd2 a5 8. axb5
Bxc3 9. Bxc3 cxb5 10. Qd2 Nf6 11. Bxa5 Nxe4 12. Qb4 Nc6 13. Qxb5 Rxa5 14. Qxc6+
Bd7 15. Qxe4 Rxa1+ 16. Ke2 Qb6 17. Ke3 Bc6 18. Qc2 O-O 19. Qxc4 Bxf3 20. gxf3
Qxb2 21. Bg2 Ra3+ 0-1

[Event "XXXIIIè Obert del Catalunya Es"]
[Site "Barcelona (Spain)"]
[Date "2009.04.07"]
[Round "4.5"]
[White "Molano Lafuente, Ismael"]
[Black "Ridameya Tatche, Jose Miguel"]
[Result "1/2-1/2"]
[WhiteElo "2082"]
[BlackElo "2140"]
[PlyCount "22"]
[EventDate "2009.04.04"]

1. e4 e5 2. Nf3 Nc6 3. Bb5 a6 4. Ba4 Nf6 5. O-O Be7 6. Re1 b5 7. Bb3 d6 8. c3
O-O 9. h3 Na5 10. Bc2 d5 11. d3 dxe4 1/2-1/2

[Event "XXXIIIè Obert del Catalunya Es"]
[Site "Barcelona (Spain)"]
[Date "2009.04.07"]
[Round "4.6"]
[White "Tolkachova, Vitalina"]
[Black "Van Keulen, Onno"]
[Result "1-0"]
[WhiteElo "2130"]
[BlackElo "2032"]
[PlyCount "105"]
[EventDate "2009.04.04"]

1. d4 Nf6 2. Nf3 e6 3. c4 c5 4. Nc3 cxd4 5. Nxd4 d5 6. Bg5 Be7 7. cxd5 Nxd5 8.
Bxe7 Nxe7 9. Ndb5 Nd5 10. Nxd5 exd5 11. Qxd5 Qa5+ 12. Nc3 Qb6 13. Qe5+ Be6 14.
Qxg7 Rf8 15. e3 Nc6 16. O-O-O Rc8 17. Bb5 Bxa2 18. Qd4 Qxd4 19. Rxd4 Ke7 20.
Bxc6 Rxc6 21. Kd2 Rb6 22. b4 Be6 23. Ra1 Ra8 24. e4 Rc6 25. Nd5+ Bxd5 26. Rxd5
Rc4 27. Rb5 b6 28. Kd3 Rc6 29. Ra6 Rd6+ 30. Ke3 Rc6 31. h4 Kd7 32. Rf5 Ke7 33.
g4 Rc4 34. b5 Rb4 35. f3 Ke6 36. Kf4 h6 37. Rh5 Ke7 38. Ra3 Rb1 39. Rd5 Rh1 40.
h5 Rb1 41. Kf5 Rc1 42. e5 Rc7 43. Rd6 Rc5 44. Rxb6 axb6 45. Rxa8 Rxb5 46. Ra7+
Ke8 47. Kf6 Rb3 48. f4 Rb4 49. f5 Rxg4 50. Ra8+ Kd7 51. Kxf7 Rg5 52. e6+ Kd6
53. f6 1-0

[Event "XXXIIIè Obert del Catalunya Es"]
[Site "Barcelona (Spain)"]
[Date "2009.04.07"]
[Round "4.7"]
[White "Martinez Diaz, Francisco Javier"]
[Black "Munoz Pantoja, Miguel"]
[Result "0-1"]
[WhiteElo "1945"]
[BlackElo "2447"]
[PlyCount "30"]
[EventDate "2009.04.04"]

1. e4 c5 2. c3 Nc6 3. Nf3 d5 4. exd5 Qxd5 5. d3 e5 6. Be2 Bf5 7. Nh4 Be6 8. Qa4
Qd7 9. Na3 a6 10. h3 Nf6 11. Be3 Nd5 12. O-O-O Be7 13. g3 b5 14. Nxb5 Nb6 15.
Qa3 axb5 0-1

[Event "XXXIIIè Obert del Catalunya Es"]
[Site "Barcelona (Spain)"]
[Date "2009.04.07"]
[Round "4.8"]
[White "Mas Recorda, Pedro"]
[Black "Serrano Pertinez, Miquel"]
[Result "0-1"]
[WhiteElo "1934"]
[BlackElo "2096"]
[PlyCount "76"]
[EventDate "2009.04.04"]

1. d4 g6 2. Nf3 Bg7 3. g3 d6 4. Bg2 Nf6 5. O-O O-O 6. Nbd2 Nc6 7. h3 Bf5 8. c3
Rb8 9. Nh4 Bd7 10. e4 e5 11. Nhf3 Nh5 12. dxe5 dxe5 13. Nc4 Be6 14. Qe2 Qe7 15.
Be3 Rfd8 16. b4 a6 17. a4 f6 18. Kh2 Qf7 19. Nfd2 Bf8 20. b5 axb5 21. axb5 Ne7
22. f4 exf4 23. gxf4 Qe8 24. Nb2 f5 25. e5 Bd5 26. c4 Bxg2 27. Qxg2 Nc8 28. Nb3
b6 29. Nd4 Bc5 30. Nxf5 Bxe3 31. Nxe3 Nxf4 32. Rxf4 Qxe5 33. Raf1 Qxe3 34. Kh1
Nd6 35. Qd5+ Kg7 36. R1f3 Nf5 37. Qc6 Qc1+ 38. Rf1 Qxb2 0-1

[Event "XXXIIIè Obert del Catalunya Es"]
[Site "Barcelona (Spain)"]
[Date "2009.04.07"]
[Round "4.9"]
[White "Montiel, Juan Francisco"]
[Black "Ruiz Bravo, Alfonso"]
[Result "0-1"]
[WhiteElo "1910"]
[BlackElo "2078"]
[PlyCount "108"]
[EventDate "2009.04.04"]

1. d4 d5 2. e4 c6 3. Nc3 dxe4 4. f3 e3 5. Bxe3 Bf5 6. Bd3 Bxd3 7. Qxd3 Nf6 8.
Nge2 e6 9. Ne4 Nbd7 10. O-O Be7 11. Bf4 O-O 12. Nd6 Qb6 13. Qb3 Nd5 14. Qxb6
axb6 15. Bg3 Ra7 16. c3 b5 17. Kf2 b4 18. c4 N5f6 19. h3 Rfa8 20. Nc1 Kf8 21.
Re1 Ne8 22. Ne4 f5 23. Nd2 Kf7 24. Rb1 Bf6 25. Ke3 c5 26. Ndb3 cxd4+ 27. Nxd4
g5 28. Bf2 Nd6 29. b3 e5 30. Nc2 Re8 31. Ke2 Ra5 32. Nxb4 e4 33. Kf1 Bc3 34.
Nd5 Bxe1 35. Bxe1 Ra7 36. Bf2 Ra3 37. Rb2 f4 38. fxe4 Nxe4 39. Bd4 Ndf6 40. Nc7
Rd8 41. Nb5 Raa8 42. Nd3 Ng3+ 43. Kg1 Kg6 44. c5 Nfe4 45. Ne5+ Kf5 46. Nf7 Rd7
47. Nh6+ Ke6 48. Rc2 Ra5 49. c6 bxc6 50. Rxc6+ Kd5 51. Rb6 Rxb5 52. Rxb5+ Kxd4
53. Rb4+ Ke3 54. Ng4+ Ke2 0-1

[Event "XXXIIIè Obert del Catalunya Es"]
[Site "Barcelona (Spain)"]
[Date "2009.04.07"]
[Round "4.10"]
[White "Fabregas Fontanet, Antonio"]
[Black "Eguia Cambero, Ignacio"]
[Result "0-1"]
[WhiteElo "2076"]
[BlackElo "1909"]
[PlyCount "32"]
[EventDate "2009.04.04"]

1. e4 c5 2. Nf3 Nc6 3. d4 cxd4 4. Nxd4 g6 5. Bc4 Bg7 6. Be3 Nf6 7. Nc3 O-O 8.
h3 d6 9. O-O Bd7 10. g4 Qc8 11. Be2 Nxd4 12. Bxd4 Bc6 13. g5 Nxe4 14. Bxg7 Nxc3
15. Bg4 Nxd1 16. Bxc8 Kxg7 0-1

[Event "XXXIIIè Obert del Catalunya Es"]
[Site "Barcelona (Spain)"]
[Date "2009.04.08"]
[Round "5.1"]
[White "Capellades Subirana, Marc"]
[Black "Karlsson, Lars"]
[Result "0-1"]
[WhiteElo "2191"]
[BlackElo "2446"]
[PlyCount "70"]
[EventDate "2009.04.04"]

1. e4 c5 2. Nf3 Nc6 3. d4 cxd4 4. Nxd4 g6 5. Nc3 Bg7 6. Be3 Nf6 7. f3 O-O 8.
Qd2 d5 9. O-O-O dxe4 10. Nxc6 Qxd2+ 11. Bxd2 bxc6 12. Nxe4 Nxe4 13. fxe4 Be6
14. b3 a5 15. a4 c5 16. Bc4 Bxc4 17. bxc4 Rfd8 18. Bf4 Rd4 19. Rxd4 cxd4 20.
Kd2 e5 21. Bg3 Rb8 22. Kd3 Rb4 23. Ra1 f5 24. Ra2 Rb1 25. Bh4 Kf7 26. exf5 gxf5
27. Bd8 e4+ 28. Ke2 Bh6 29. Bxa5 Rg1 30. Kf2 Be3+ 31. Kg3 f4+ 32. Kh3 f3 33.
gxf3 exf3 34. Rb2 f2 35. Rb7+ Ke6 0-1

[Event "XXXIIIè Obert del Catalunya Es"]
[Site "Barcelona (Spain)"]
[Date "2009.04.08"]
[Round "5.2"]
[White "Vidarte Morales, Arturo"]
[Black "Tolkachova, Vitalina"]
[Result "1-0"]
[WhiteElo "2428"]
[BlackElo "2130"]
[PlyCount "37"]
[EventDate "2009.04.04"]

1. Nf3 d5 2. g3 g6 3. Bg2 Bg7 4. O-O e5 5. d3 Ne7 6. c4 dxc4 7. dxc4 Qxd1 8.
Rxd1 Nbc6 9. Nc3 Bd7 10. e4 f6 11. Be3 O-O-O 12. Nb5 a6 13. Nc3 Bg4 14. Nd5 f5
15. h3 Bxf3 16. Bxf3 Nd4 17. Bxd4 exd4 18. c5 Nxd5 19. exd5 1-0

[Event "XXXIIIè Obert del Catalunya Es"]
[Site "Barcelona (Spain)"]
[Date "2009.04.08"]
[Round "5.3"]
[White "Martin Grillo, Ruben"]
[Black "Gonzalez Rodriguez, Jorge A"]
[Result "0-1"]
[WhiteElo "2229"]
[BlackElo "2407"]
[PlyCount "106"]
[EventDate "2009.04.04"]

1. e4 c6 2. d4 d5 3. exd5 cxd5 4. c4 Nc6 5. Nc3 Nf6 6. Bg5 dxc4 7. Bxc4 a6 8.
Nf3 b5 9. Bd3 Bb7 10. a4 b4 11. Ne4 e6 12. O-O Be7 13. Nc5 Bxc5 14. dxc5 Qd5
15. Be3 Ng4 16. Qe2 Nce5 17. Ne1 Nxe3 18. Qxe3 Nxd3 19. Qxd3 Qxc5 20. Qg3 O-O
21. Nd3 Qd4 22. b3 Rfd8 23. Ne5 Rac8 24. Nc4 Qd3 25. Na5 Qxg3 26. hxg3 Bd5 27.
Rac1 Kf8 28. f4 h5 29. Rfd1 Ke7 30. Kf2 g6 31. Kg1 Kf6 32. Nc4 Bxc4 33. Rxd8
Rxd8 34. Rxc4 a5 35. Rc7 Rd5 36. Kf2 g5 37. Ke3 Rf5 38. Ke4 Rd5 39. Ke3 Kg6 40.
Rc8 Kf5 41. Rc7 f6 42. Rc6 e5 43. fxe5 fxe5 44. Rc8 Kg4 45. Rg8 Rc5 46. Ke4 Rc2
47. Kxe5 Rxg2 48. Kf6 Rf2+ 49. Kg6 Rf3 50. Ra8 Rf5 51. Rb8 Rc5 52. Rb6 h4 53.
gxh4 gxh4 0-1

[Event "XXXIIIè Obert del Catalunya Es"]
[Site "Barcelona (Spain)"]
[Date "2009.04.08"]
[Round "5.4"]
[White "Jerez Perez, Alfonso"]
[Black "Perpinya Rofes, Lluis Maria"]
[Result "1/2-1/2"]
[WhiteElo "2386"]
[BlackElo "2385"]
[PlyCount "44"]
[EventDate "2009.04.04"]

1. d4 Nf6 2. Nf3 g6 3. c4 Bg7 4. g3 O-O 5. Bg2 d6 6. O-O Nc6 7. Nc3 a6 8. Qd3
Bf5 9. e4 Bg4 10. Be3 Nd7 11. Rac1 e5 12. d5 Bxf3 13. Bxf3 Nd4 14. Bg2 c5 15.
Ne2 b5 16. f4 Qa5 17. b3 bxc4 18. bxc4 Qxa2 19. Rf2 Qb3 20. Qxb3 Nxb3 21. Rb1
Rfb8 22. Bh3 Nf8 1/2-1/2

[Event "XXXIIIè Obert del Catalunya Es"]
[Site "Barcelona (Spain)"]
[Date "2009.04.08"]
[Round "5.5"]
[White "Munoz Pantoja, Miguel"]
[Black "Perez Calahorra, Ricardo"]
[Result "1-0"]
[WhiteElo "2447"]
[BlackElo "2048"]
[PlyCount "69"]
[EventDate "2009.04.04"]

1. e4 c5 2. g3 d5 3. exd5 Qxd5 4. Nf3 Bg4 5. Bg2 Qe6+ 6. Kf1 Nc6 7. h3 Bh5 8.
d3 Qd7 9. Nbd2 f5 10. a4 h6 11. Nc4 Nf6 12. Be3 e6 13. Qe1 Bxf3 14. Bxf3 O-O-O
15. a5 Nd5 16. Kg2 Bd6 17. Ra4 Nxe3+ 18. Qxe3 Nd4 19. Nxd6+ Qxd6 20. b4 cxb4
21. Rb1 Nxf3 22. Qxf3 Qd5 23. Raxb4 Qxf3+ 24. Kxf3 Rd7 25. Kf4 Re8 26. c4 Ree7
27. R1b3 g5+ 28. Ke5 h5 29. d4 Rf7 30. c5 Rd5+ 31. Kxe6 Rfd7 32. Rxb7 Rxd4 33.
Rxd7 Rxd7 34. Rb8+ Kc7 35. Rb7+ 1-0

[Event "XXXIIIè Obert del Catalunya Es"]
[Site "Barcelona (Spain)"]
[Date "2009.04.08"]
[Round "5.6"]
[White "Molero Tejada, Santiago"]
[Black "Marches Rios, Joan Manuel"]
[Result "0-1"]
[WhiteElo "1999"]
[BlackElo "2215"]
[PlyCount "108"]
[EventDate "2009.04.04"]

1. e4 c6 2. d4 d5 3. exd5 cxd5 4. Bd3 Nc6 5. Ne2 Nf6 6. c3 Bg4 7. f3 Bh5 8. Bf4
e6 9. Nd2 Bd6 10. O-O Bg6 11. Nb3 Qc7 12. Bxd6 Qxd6 13. Ng3 Bxd3 14. Qxd3 h5
15. Rae1 Kf8 16. Rf2 h4 17. Nf1 Nh5 18. f4 Nxf4 19. Qf3 g5 20. Nc5 e5 21. Rd1
b6 22. Nb3 e4 23. Qg4 Ne7 24. Ne3 f6 25. Rdf1 Kf7 26. Nc1 Qe6 27. Qxe6+ Kxe6
28. Ne2 Nxe2+ 29. Rxe2 f5 30. Ref2 f4 31. Ng4 h3 32. Ne5 Nf5 33. g3 Rhg8 34.
gxf4 gxf4+ 35. Kh1 f3 36. Nxf3 exf3 37. Rxf3 Raf8 38. Re1+ Kd6 39. Rxh3 Rf7 40.
Rf3 Nh6 41. Rfe3 Ng4 42. Rg3 Nf2+ 43. Kg2 Rxg3+ 44. hxg3 Ne4 45. Re2 b5 46. a3
Ke6 47. g4 Kf6 48. Rc2 Kg5 49. b3 Rc7 50. c4 bxc4 51. bxc4 Rxc4 52. Rxc4 dxc4
53. Kf3 c3 54. Ke2 c2 0-1

[Event "XXXIIIè Obert del Catalunya Es"]
[Site "Barcelona (Spain)"]
[Date "2009.04.08"]
[Round "5.7"]
[White "Ridameya Tatche, Jose Miguel"]
[Black "Vives Cabau, Jordi"]
[Result "1/2-1/2"]
[WhiteElo "2140"]
[BlackElo "2048"]
[PlyCount "40"]
[EventDate "2009.04.04"]

1. e4 e5 2. Nf3 Nc6 3. d4 exd4 4. Nxd4 Qf6 5. Be3 Bc5 6. c3 Nge7 7. Be2 d6 8.
O-O a6 9. Nxc6 Nxc6 10. Bxc5 dxc5 11. Nd2 O-O 12. Nf3 Be6 13. Qd2 h6 14. Qe3 b6
15. e5 Qe7 16. Qe4 Qe8 17. Bd3 g6 18. Qf4 Kh7 19. Be4 Rd8 20. Rfd1 Ne7 1/2-1/2

[Event "XXXIIIè Obert del Catalunya Es"]
[Site "Barcelona (Spain)"]
[Date "2009.04.08"]
[Round "5.8"]
[White "Serrano Pertinez, Miquel"]
[Black "Severri Arrese, Carlos"]
[Result "1-0"]
[WhiteElo "2096"]
[BlackElo "2026"]
[PlyCount "101"]
[EventDate "2009.04.04"]

1. c4 f5 2. g3 Nf6 3. Bg2 d6 4. b4 c6 5. Bb2 Na6 6. a3 Nc7 7. Nc3 g6 8. Nf3 Bg7
9. d3 O-O 10. O-O Kh8 11. a4 d5 12. Qc2 Nfe8 13. Na2 d4 14. e3 e5 15. exd4 exd4
16. a5 Ne6 17. Nc1 f4 18. Re1 fxg3 19. hxg3 Nd6 20. a6 bxa6 21. Ne5 Bxe5 22.
Rxe5 Nf7 23. Re1 Rb8 24. Nb3 Rxb4 25. Rxe6 Rxb3 26. Re4 Rxb2 27. Qxb2 c5 28.
Qa3 Ng5 29. Re5 Rxf2 30. Qxc5 Rxg2+ 31. Kxg2 Bb7+ 32. Rd5 Qe8 33. Qxd4+ Kg8 34.
Qg4 Qe5 35. Rf1 Bxd5+ 36. cxd5 Qxd5+ 37. Kg1 Kg7 38. Qc4 Qd6 39. Kg2 h5 40.
Qc3+ Kh7 41. Qc4 a5 42. Rf4 Qe5 43. d4 Qb8 44. d5 Qb7 45. Qd4 a4 46. Rf8 Qg7
47. Qxg7+ Kxg7 48. Ra8 Kf6 49. Rxa7 Ke5 50. Rxa4 Ne4 51. Rxe4+ 1-0

[Event "XXXIIIè Obert del Catalunya Es"]
[Site "Barcelona (Spain)"]
[Date "2009.04.08"]
[Round "5.9"]
[White "Barragan Hernandez, Manel"]
[Black "Molano Lafuente, Ismael"]
[Result "0-1"]
[WhiteElo "1955"]
[BlackElo "2082"]
[PlyCount "77"]
[EventDate "2009.04.04"]

1. e4 c5 2. Nf3 Nc6 3. d4 cxd4 4. Nxd4 Nf6 5. Nc3 e5 6. Ndb5 h6 7. Nd6+ Bxd6 8.
Qxd6 Qe7 9. Qxe7+ Kxe7 10. f3 d6 11. Be3 Be6 12. Rd1 a6 13. Bb6 Nb4 14. Rd2
Rac8 15. a3 Nd7 16. Be3 Nc6 17. Nd5+ Bxd5 18. exd5 Na5 19. b3 b5 20. a4 bxa4
21. Bxa6 Ra8 22. Bd3 axb3 23. Ke2 Rhc8 24. cxb3 Nxb3 25. Rb2 Nbc5 26. Bf5 Rcb8
27. Rc2 Rb5 28. Rd1 Raa5 29. g4 Rb3 30. h4 Raa3 31. Bc1 Ra4 32. h5 f6 33. Be3
Ra5 34. Bd2 Ra4 35. Be3 Rb5 36. Kf2 Ra6 37. Rdd2 Rb7 38. Kg3 Rb3 39. Kf2 0-1

[Event "XXXIIIè Obert del Catalunya Es"]
[Site "Barcelona (Spain)"]
[Date "2009.04.08"]
[Round "5.10"]
[White "Ruiz Bravo, Alfonso"]
[Black "Eguia Cambero, Ignacio"]
[Result "1-0"]
[WhiteElo "2078"]
[BlackElo "1909"]
[PlyCount "81"]
[EventDate "2009.04.04"]

1. e4 c5 2. Nf3 Nc6 3. Nc3 g6 4. d4 cxd4 5. Nxd4 Bg7 6. Be3 Nf6 7. f3 O-O 8.
Bc4 Qb6 9. Bb3 Ng4 10. fxg4 Bxd4 11. Bxd4 Nxd4 12. Nd5 Qa5+ 13. c3 Nc6 14. O-O
d6 15. Qd2 Be6 16. Rf4 Rae8 17. Raf1 Ne5 18. g5 Bxd5 19. exd5 Kg7 20. Rh4 Qc7
21. Rh3 Rh8 22. Qf4 Qc8 23. Qh4 Kg8 24. Rg3 a6 25. Qf4 Kg7 26. Bd1 Qc4 27. Qd2
Qxa2 28. Rf4 Qa5 29. h4 Qc7 30. h5 Qc8 31. h6+ Kg8 32. Bg4 Qc7 33. Qf2 Rf8 34.
Re3 Qc5 35. Be6 Qb6 36. b4 Qd8 37. Bh3 Qb6 38. Kh1 Qb5 39. c4 Qxb4 40. Rxe5
dxe5 41. Rxf7 1-0

[Event "XXXIIIè Obert del Catalunya Es"]
[Site "Barcelona (Spain)"]
[Date "2009.04.09"]
[Round "6.1"]
[White "Karlsson, Lars"]
[Black "Vidarte Morales, Arturo"]
[Result "1/2-1/2"]
[WhiteElo "2446"]
[BlackElo "2428"]
[PlyCount "37"]
[EventDate "2009.04.04"]

1. c4 Nf6 2. g3 g6 3. Bg2 d5 4. cxd5 Nxd5 5. Nc3 Nb6 6. Nf3 Bg7 7. O-O O-O 8.
d3 Nc6 9. Be3 e5 10. a4 h5 11. Bxb6 cxb6 12. Nd2 Be6 13. Nb5 Qd7 14. Nc4 Bxc4
15. dxc4 Rfd8 16. Qxd7 Rxd7 17. Rfd1 Rad8 18. Rxd7 Rxd7 19. Bd5 1/2-1/2

[Event "XXXIIIè Obert del Catalunya Es"]
[Site "Barcelona (Spain)"]
[Date "2009.04.09"]
[Round "6.2"]
[White "Gonzalez Rodriguez, Jorge A"]
[Black "Munoz Pantoja, Miguel"]
[Result "1-0"]
[WhiteElo "2407"]
[BlackElo "2447"]
[PlyCount "51"]
[EventDate "2009.04.04"]

1. d4 c5 2. d5 Nf6 3. c4 g6 4. Nc3 Bg7 5. e4 d6 6. Be2 O-O 7. Nf3 Bg4 8. Nd2
Bxe2 9. Qxe2 e6 10. O-O exd5 11. cxd5 Nbd7 12. a4 Ne8 13. Nc4 Nb6 14. Na3 Nd7
15. Bf4 a6 16. Bg3 Ndf6 17. h3 Nh5 18. Bh2 Be5 19. f4 Bd4+ 20. Kh1 Nc7 21. Nc4
Re8 22. f5 Bxc3 23. bxc3 Nxd5 24. Nxd6 Ndf4 25. Qd1 Qg5 26. Qg4 1-0

[Event "XXXIIIè Obert del Catalunya Es"]
[Site "Barcelona (Spain)"]
[Date "2009.04.09"]
[Round "6.3"]
[White "Molano Lafuente, Ismael"]
[Black "Jerez Perez, Alfonso"]
[Result "0-1"]
[WhiteElo "2082"]
[BlackElo "2386"]
[PlyCount "72"]
[EventDate "2009.04.04"]

1. d4 Nf6 2. Nf3 g6 3. Nc3 d5 4. Bf4 Bg7 5. Qd2 Ne4 6. Nxe4 dxe4 7. Ne5 Nd7 8.
Nxd7 Qxd7 9. e3 O-O 10. h4 h6 11. Be2 b6 12. f3 Bb7 13. O-O-O Rad8 14. c3 Qa4
15. b3 Qa3+ 16. Qb2 Qa5 17. Kb1 c5 18. Ka1 cxd4 19. cxd4 Rc8 20. fxe4 Bxe4 21.
Bd3 Bxd3 22. Rxd3 Rc6 23. Rc1 Rfc8 24. Rxc6 Rxc6 25. Qd2 Qd5 26. Kb2 Qh5 27.
Bg3 Qg4 28. Qf2 Rf6 29. Qe1 Re6 30. Qf2 Qe4 31. Qd2 Bf6 32. Rc3 Kg7 33. Qf2 Qg4
34. Qf3 Re4 35. Bf4 Qxf3 36. gxf3 Rxf4 0-1

[Event "XXXIIIè Obert del Catalunya Es"]
[Site "Barcelona (Spain)"]
[Date "2009.04.09"]
[Round "6.4"]
[White "Perpinya Rofes, Lluis Maria"]
[Black "Serrano Pertinez, Miquel"]
[Result "1-0"]
[WhiteElo "2385"]
[BlackElo "2096"]
[PlyCount "49"]
[EventDate "2009.04.04"]

1. e4 g6 2. d4 Bg7 3. Nc3 d6 4. f4 Nf6 5. Nf3 O-O 6. Bd3 Nc6 7. e5 dxe5 8. fxe5
Nd5 9. Nxd5 Qxd5 10. c3 Bg4 11. O-O Rad8 12. Qe1 f6 13. Bc2 Qd7 14. Bb3+ Be6
15. exf6 Rxf6 16. Bg5 Bxb3 17. Bxf6 Bc4 18. Bxg7 Bxf1 19. Bh6 Bc4 20. Ne5 Nxe5
21. Qxe5 e6 22. Re1 b5 23. Re4 Bxa2 24. Rf4 Re8 25. Qf6 1-0

[Event "XXXIIIè Obert del Catalunya Es"]
[Site "Barcelona (Spain)"]
[Date "2009.04.09"]
[Round "6.5"]
[White "Marches Rios, Joan Manuel"]
[Black "Ruiz Bravo, Alfonso"]
[Result "1/2-1/2"]
[WhiteElo "2215"]
[BlackElo "2078"]
[PlyCount "72"]
[EventDate "2009.04.04"]

1. d4 d5 2. c4 e6 3. Nc3 Nf6 4. cxd5 exd5 5. Bg5 c6 6. Qc2 Be7 7. e3 Nbd7 8.
Bd3 Nh5 9. Bxe7 Qxe7 10. Nge2 g6 11. O-O O-O 12. Rae1 f5 13. Nf4 Nxf4 14. exf4
Qg7 15. Ne2 Nf6 16. g3 Bd7 17. Kg2 Rfe8 18. Ng1 Rxe1 19. Rxe1 Re8 20. Re5 Be6
21. Qe2 Qf7 22. Nf3 h6 23. Re3 Ng4 24. Ne5 Nxe3+ 25. fxe3 Qf6 26. Qd1 Bc8 27.
Qa4 a6 28. Qa5 Qd6 29. b4 Kg7 30. Qc5 Qxc5 31. bxc5 g5 32. Kf3 Kf6 33. Be2 Be6
34. a4 Bf7 35. Kf2 Rd8 36. a5 g4 1/2-1/2

[Event "XXXIIIè Obert del Catalunya Es"]
[Site "Barcelona (Spain)"]
[Date "2009.04.09"]
[Round "6.6"]
[White "Vives Cabau, Jordi"]
[Black "Martin Grillo, Ruben"]
[Result "0-1"]
[WhiteElo "2048"]
[BlackElo "2229"]
[PlyCount "68"]
[EventDate "2009.04.04"]

1. e4 c5 2. d4 cxd4 3. c3 Nf6 4. e5 Nd5 5. Qxd4 e6 6. Nf3 Nc6 7. Qe4 f5 8. Qe2
a6 9. g3 b5 10. Bg2 Be7 11. O-O O-O 12. Nbd2 Nb6 13. Nb3 Nc4 14. Nbd4 Bb7 15.
Re1 Nxd4 16. Nxd4 Bxg2 17. Kxg2 Bc5 18. Nf3 Qc7 19. Bf4 Qb7 20. Rad1 Nb6 21.
Kg1 Nd5 22. Bc1 f4 23. g4 h6 24. Rd3 Rf7 25. Qe4 Raf8 26. h4 Qb6 27. Re2 Qd8
28. h5 Be7 29. b3 Nb6 30. Red2 Qa8 31. Qd4 Qc6 32. Re2 Nd5 33. Bd2 Ne3 34. Ne1
Bc5 0-1